A Strange Viewpoint: (Record no. 190482)

MARC details
000 -LEADER
fixed length control field 00586nam a22001817a 4500
005 - DATE AND TIME OF LATEST TRANSACTION
control field 20220726152047.0
010 ## - LCCN (DPL NO)
LC control number ENG-133967
020 ## - INTERNATIONAL STANDARD BOOK NUMBER
International Standard Book Number 9789382524618
Terms of availability 230.00
035 ## - SYSTEM CONTROL NUMBER
System control number EN-117499
037 ## - SOURCE OF ACQUISITION
Source of stock number/acquisition DBAD/PUB
082 ## - DEWEY DECIMAL CLASSIFICATION NUMBER
Classification number 100
100 ## - MAIN ENTRY--PERSONAL NAME
Personal name Naithani, Aryan
245 ## - TITLE STATEMENT
Title A Strange Viewpoint:
Remainder of title Philosophy of a Teenager/
Statement of responsibility, etc Aryan Naithani
260 ## - PUBLICATION, DISTRIBUTION, ETC. (IMPRINT)
Place of publication, distribution, etc New Delhi
Name of publisher, distributor, etc The Book Line
Date of publication, distribution, etc 2017
270 ## - ADDRESS
City New DElhi
Address 106, 4787/23, 1st Floor, Ansari Road, Darya Ganj
Postal code 110002
Electronic mail address sales@thebooklineonline.com
300 ## - PHYSICAL DESCRIPTION
Extent xiii;65p.
Dimensions 17cm(pbk)
942 ## - ADDED ENTRY ELEMENTS (KOHA)
Source of classification or shelving scheme Dewey Decimal Classification
Item type English Books
Classification part 100
Call number suffix NAI
Holdings
Withdrawn status Lost status Not for loan Collection code Home library Current library Date acquired Source of acquisition Cost, normal purchase price Full call number Barcode Copy number Cost, replacement price Koha item type
      Non-fiction Kadipur Kadipur 26/07/2022 DBAD/PUB 230.00 100 NAI EN-117499 1 230.00 English Books

© Delhi Public Library
Hit Counter
free hit counter